The Best 'of' TV Quiz Stats

Quiz Updated Feb 4, 2015

Also try: Finish the TV Show
Challenge
Share
Tweet
Score 0/35 Timer 04:00
0 Plays Today
% Correct
The Fresh Prince
98.2%
The Dukes
95.8%
Game
94.6%
Wheel
93.4%
House
91.6%
I Dream
90.3%
Days
90.1%
Sons
90.1%
Voyage to the Bottom
89.5%
Lifestyles
89.5%
King
89.2%
George
88.3%
The Facts
88.2%
The Penguins
87.4%
In the Heat
87%
Person
86.4%
The Wizards
85.1%
Band
84.8%
% Correct
The Streets
83%
The Suite Life
81.8%
The New Adventures
81.6%
Party
81.1%
Flight
79.6%
Joan
78.5%
The Secret Life
73.7%
Tyler Perry's House
73.6%
Hart
70.7%
The Courtship
67.7%
House
67.5%
Ace
67.2%
The Many Loves
65.6%
The Edge
61.6%
Your Show
61.5%
United States
60.7%
Attack
39%

You're not logged in!

Compare scores with friends on all Sporcle quizzes.
Sign Up with Email
OR
Log In

You Might Also Like...

Show Comments

Extras

Top Quizzes Today


Score Distribution

Your Account Isn't Verified!

In order to create a playlist on Sporcle, you need to verify the email address you used during registration. Go to your Sporcle Settings to finish the process.